| 000 | 00392nam a2200157Ia 4500 | ||
|---|---|---|---|
| 005 | 20250423094818.0 | ||
| 008 | 250422s9999 xx 000 0 und d | ||
| 020 | _a9789785049725 | ||
| 050 | _aP 90 .E85/ | ||
| 100 | _aEsimokha, Godwin | ||
| 245 | 0 | _aCommunication theories: analysis and application | |
| 260 | _c2014 | ||
| 300 | _a195 p | ||
| 650 | _a Communication. | ||
| 942 | _cBK | ||
| 999 |
_c28366 _d28366 |
||